MLB 2025 Active Hall of Famers - Statistics

General Stats
  • This quiz has been taken 378 times
  • The average score is 16 of 25
Answer Stats
Number Player % Correct
126 Aaron Judge
93%
94 Shohei Ohtani
93%
145 Mike Trout
92%
240 Justin Verlander
91%
179 Max Scherzer
88%
211 Clayton Kershaw
84%
124 Freddie Freeman
83%
116 Mookie Betts
82%
93 Bryce Harper
80%
170 Jose Altuve
76%
82 Giancarlo Stanton
68%
109 Paul Goldschmidt
64%
65 Ronald Acuna Jr
64%
124 Gerrit Cole
61%
65 Manny Machado
61%
122 Nolan Arenado
60%
71 Jose Ramirez
56%
98 Chris Sale
51%
95 Aroldis Chapman
49%
62 Christian Yelich
46%
116 Kenley Jansen
41%
81 Salvador Perez
41%
117 Craig Kimbrel
38%
75 J.D. Martinez
14%
66 Luis Arraez
14%
No matching quizzes found
Score Distribution
Percent of People with Each Score
Percentile by Number Answered
Your Score History
You have not taken this quiz